| 000 | 00678nam a2200181Ia 4500 | ||
|---|---|---|---|
| 008 | 100921s9999 xx 000 0 und d | ||
| 082 |
_b19375 _a490 थ 85 |
||
| 100 | _aकोकाटे महादेव. | ||
| 245 | _aकोकाटे हमखास इंग्लीश. | ||
| 260 |
_bकोकाटे प्रकाशन,मुंबई. _c1985 |
||
| 300 |
_a416 _b--- |
||
| 365 | _b30 | ||
| 520 | _aभाषा-अन्य भाषा. | ||
| 630 | _aकोकाटे हमखास इंग्लीश. | ||
| 650 | _aभाषा-अन्य भाषा. | ||
| 730 | _aकोकाटे हमखास इंग्लीश. | ||
| 942 | _cBOOK | ||
| 999 |
_c768488 _d768485 |
||